| 000 | 00372nam a2200145Ia 4500 | ||
|---|---|---|---|
| 008 | 230312s9999||||xx |||||||||||||| ||und|| | ||
| 020 | _a9780071549295 | ||
| 082 |
_a658.404 _bPHI-P |
||
| 100 | _aMcMahon,David | ||
| 245 | 0 | _aMATLAB demystified | |
| 260 |
_bMcgraw _aUSA _c2009 |
||
| 300 | _a431 | ||
| 650 |
_aProject management Examinations _vElectronic Book |
||
| 942 | _cBK | ||
| 999 |
_c17626 _d17626 |
||